Serigala yang cerdik (Record no. 158364)

MARC details
000 -LEADER
fixed length control field 00751nam a2200265 i 4500
001 - CONTROL NUMBER
control field C2-0211684
003 - CONTROL NUMBER IDENTIFIER
control field PPAK
005 - DATE AND TIME OF LATEST TRANSACTION
control field 20180728102503.0
008 - FIXED-LENGTH DATA ELEMENTS--GENERAL INFORMATION
fixed length control field 990324s1998 my a|||| ||||| | may d
020 ## - INTERNATIONAL STANDARD BOOK NUMBER
International Standard Book Number 983827156X
040 ## - CATALOGING SOURCE
Original cataloging agency PPAK
Language of cataloging eng
Transcribing agency PPAK
Description conventions rda
082 04 - DEWEY DECIMAL CLASSIFICATION NUMBER
Classification number 899.233
Edition number 23
090 00 - LOCALLY ASSIGNED LC-TYPE CALL NUMBER (OCLC); LOCAL CALL NUMBER (RLIN)
Classification number (OCLC) (R) ; Classification number, CALL (RLIN) (NR) 899.233
Feature heading JAY
Feature heading K
100 0# - MAIN ENTRY--PERSONAL NAME
Personal name Jayanthi Josephine,
Relator term author
245 10 - TITLE STATEMENT
Title Serigala yang cerdik
264 #1 - PRODUCTION, PUBLICATION, DISTRIBUTION, MANUFACTURE, AND COPYRIGHT NOTICE
Place of production, publication, distribution, manufacture Kuala Lumpur :
Name of producer, publisher, distributor, manufacturer Pustaka Bakti Wira ,
Date of production, publication, distribution, manufacture, or copyright notice 1998
300 ## - PHYSICAL DESCRIPTION
Extent 16 pages :
Other physical details colour illustrations ;
Dimensions 21 cm
336 ## - CONTENT TYPE
Source rdacontent
Content type term text
337 ## - MEDIA TYPE
Source rdamedia
Media type term unmediated
338 ## - CARRIER TYPE
Source rdacarrier
Carrier type term volume
490 1# - SERIES STATEMENT
Series statement Siri Bacaan Mega Ria
650 10 - SUBJECT ADDED ENTRY--TOPICAL TERM
Topical term or geographic name entry element Children's stories, Malay.
830 #0 - SERIES ADDED ENTRY--UNIFORM TITLE
Uniform title Siri Bacaan Mega Ria
942 ## - ADDED ENTRY ELEMENTS (KOHA)
-- dc
Koha item type Book
Holdings
Withdrawn Not for loan Current library Shelving location Date acquired Full call number Barcode Date last seen Koha item type Total Checkouts Date last checked out
    Perpustakaan Alor Setar Pinjaman Kanak-kanak 09/09/2000 K 899.233 JAY A00909213 17/08/2022 Book 1 27/07/2022
    Perpustakaan Baling Pinjaman Kanak-kanak 23/04/2003 K 899.233 JAY A00924071 01/06/2018 Book    
    Perpustakaan Baling Pinjaman Kanak-kanak 22/04/2003 K 899.233 JAY A00924072 01/06/2018 Book    
    Perpustakaan Bandar Baharu Pinjaman Kanak-kanak 15/01/2000 K 899.233 JAY A00892119 01/06/2018 Book    
    Perpustakaan Bandar Baharu Pinjaman Kanak-kanak 15/01/2000 K 899.233 JAY A00892120 01/06/2018 Book    
    Perpustakaan Sik Pinjaman Kanak-kanak 29/03/2000 K 899.233 JAY A00900758 01/06/2018 Book    
    PD16, Kg. Jelai, Pendang Pinjaman Kanak-kanak 03/10/1999 K 899.233 JAY A00282357 01/06/2018 Book    
    PD18, Kg. Wang Tepus, Jitra Pinjaman Kanak-kanak 03/10/1999 K 899.233 JAY A00282361 01/06/2018 Book    
    PD18, Kg. Wang Tepus, Jitra Pinjaman Kanak-kanak 03/10/1999 K 899.233 JAY A00282362 01/06/2018 Book    
    PD20, Felda Lubuk Merbau, Pendang Pinjaman Kanak-kanak 03/10/1999 K 899.233 JAY A00282363 01/06/2018 Book    
    PD20, Felda Lubuk Merbau, Pendang Pinjaman Kanak-kanak 03/10/1999 K 899.233 JAY A00282364 01/06/2018 Book    
    PD21, Kg. Tengah, Jerlun Pinjaman Kanak-kanak 03/10/1999 K 899.233 JAY A00282365 01/06/2018 Book    
    PD21, Kg. Tengah, Jerlun Pinjaman Kanak-kanak 03/10/1999 K 899.233 JAY A00282366 01/06/2018 Book    
    PD23, Taman Mas Merah, Titi Gajah, Alor Setar Pinjaman Kanak-kanak 14/02/2000 K 899.233 JAY A00894952 01/06/2018 Book    
    PD23, Taman Mas Merah, Titi Gajah, Alor Setar Pinjaman Kanak-kanak 14/02/2000 K 899.233 JAY A00894953 01/06/2018 Book    
    PD24, Felda Bukit Tangga, Bukit Kayu Hitam Pinjaman Kanak-kanak 14/02/2000 K 899.233 JAY A00883563 01/06/2018 Book    
    PD24, Felda Bukit Tangga, Bukit Kayu Hitam Pinjaman Kanak-kanak 14/02/2000 K 899.233 JAY A00883564 01/06/2018 Book    
    PD25, KEDA Batu 13, Pokok Sena Pinjaman Kanak-kanak 29/03/2000 K 899.233 JAY A00903058 01/06/2018 Book    
    PD27, Kg. Bendang Bukit, Pendang Pinjaman Kanak-kanak 06/06/2000 K 899.233 JAY A00924069 01/06/2018 Book    
    PD27, Kg. Bendang Bukit, Pendang Pinjaman Kanak-kanak 06/06/2000 K 899.233 JAY A00924070 01/06/2018 Book    
    T-PD26, Kg. Lubuk Batu, Jitra Pinjaman Kanak-kanak 03/10/1999 K 899.233 JAY A00282359 01/06/2018 Book    
    T-PD26, Kg. Lubuk Batu, Jitra Pinjaman Kanak-kanak 03/10/1999 K 899.233 JAY A00282360 01/06/2018 Book